Schaum's outline of theory and problems of fluid mechanics and hydraulics/ (Record no. 107)
[ view plain ]
| 000 -LEADER | |
|---|---|
| fixed length control field | 00811nac a22002051u 4500 |
| 020 ## - INTERNATIONAL STANDARD BOOK NUMBER | |
| International Standard Book Number | 0070586098 |
| 082 ## - DEWEY DECIMAL CLASSIFICATION NUMBER | |
| Classification number | 620.1 |
| Item number | G4721 |
| 090 ## - LOCALLY ASSIGNED LC-TYPE CALL NUMBER (OCLC); LOCAL CALL NUMBER (OCLC) | |
| -- | 107 |
| -- | 107 |
| 100 ## - MAIN ENTRY--PERSONAL NAME | |
| Personal name | 20080729 |
| 245 ## - TITLE STATEMENT | |
| Title | Schaum's outline of theory and problems of fluid mechanics and hydraulics/ |
| Remainder of title | Ranald V. Giles |
| 250 ## - EDITION STATEMENT | |
| Edition statement | 3rd ed. |
| 260 ## - PUBLICATION, DISTRIBUTION, ETC. (IMPRINT) | |
| Place of publication, distribution, etc | New Delhi |
| Name of publisher, distributor, etc | Tata McGraw-Hill |
| 650 ## - SUBJECT ADDED ENTRY--TOPICAL TERM | |
| Topical term or geographic name as entry element | Fluid Mechanics |
| 650 ## - SUBJECT ADDED ENTRY--TOPICAL TERM | |
| Topical term or geographic name as entry element | Hydraulics |
| 700 ## - ADDED ENTRY--PERSONAL NAME | |
| Relator code | Evett, Jack B. |
| 700 ## - ADDED ENTRY--PERSONAL NAME | |
| Personal name | Liu, Cheng |
| 942 ## - ADDED ENTRY ELEMENTS (KOHA) | |
| Item type | Book - Borrowing |
| Call number prefix | 620.1G4721 |
| Withdrawn status | Item status | Damaged status | Not for loan | Home library | Current library | Shelving location | Date acquired | Source of acquisition | Total Checkouts | Full call number | Barcode | Date last seen | Cost, replacement price | Koha item type | Total Renewals | Date last borrowed |
|---|---|---|---|---|---|---|---|---|---|---|---|---|---|---|---|---|
| Central Library | Central Library | First floor | 22/12/2005 | Purchase | 620.1 SCH | 000004667 | 15/07/2025 | 120.00 | Book - Borrowing | |||||||
| Central Library | Central Library | First floor | 22/12/2005 | Purchase | 1 | 620.1 SCH | 000004666 | 15/07/2025 | 120.00 | Book - Borrowing | 6 | 12/11/2009 |